00257nam a2200109Ia 4500008004100000100001500041245003100056260003000087300000800117942000700125999001500132190216s9999||||xx |||||||||||||| ||und|| aPorwal L S 0aCapital Budgeting In India bSulthan Chand&Sonsc1976 a95p cBK c4232d4232